Normal view
MARC view
- Wakale, L. P. \. Others / Kapadnis, B. V
Entry Personal Name
001 - CONTROL NUMBER
- control field: 50559
003 - CONTROL NUMBER IDENTIFIER
- control field: OSt
005 - DATE AND TIME OF LATEST TRANSACTION
- control field: 20220806103615.0
008 - FIXED-LENGTH DATA ELEMENTS
- fixed length control field: 220806|| aca||aabn | a|a d
040 ## - CATALOGING SOURCE
- Original cataloging agency: OSt
- Transcribing agency: OSt
100 ## - HEADING--PERSONAL NAME
- Personal name: Wakale, L. P. \. Others / Kapadnis, B. V
670 ## - SOURCE DATA FOUND
- Source citation: Work cat.: (OSt)29482: Wakale, L. P. \. Others / Kapadnis, B. V., Income Tax : Practice And Procedure 2011-2012, 2006